000 00631cam a2200217 a 4500
001 000005006
005 20200929151545.0
008 920407s1990 cu 001 p spa
040 _aDO-SdBNP
_cDLC
082 _aA861.44
_bP298e
100 1 _aPatiño, Carlos,
_d1934-
_914433
245 1 0 _aEsquinas silenciosas /
_cCarlos Patiño.
260 _aLa Habana :
_bCasa de las Américas,
_c1990.
300 _a103 p. ;
_c19 cm.
490 1 _aPremio ;
490 1 _aPoesía
650 4 _aPoesía argentina
_93859
650 4 _aLiteratura argentina
_93860
830 0 _aPremio ;
_pPoesía
_914434
910 _aCatalogación por copia / LC
999 _c4812
_d4812